| Поле | Название | Значение |
| |
Тип записи |
a |
| |
Библиографический уровень |
a |
| 001 |
Контрольный номер |
RU/CBS_UL/BASE/c433f75b09474778abccb9745e3535e4 |
| 005 |
Дата корректировки |
20230515113423.9 |
| 100 |
Данные общей обработки |
__ |
| a |
Данные общей обработки |
20230515 ||| 0rusy0189 ca |
| 101 |
Язык документа |
0_ |
| a |
Язык текста |
rus |
| 102 |
Страна публикации |
__ |
| a |
Страна публикации |
RU |
| 200 |
Заглавие и сведения об ответственности |
1_ |
| a |
Заглавие |
Динамо. Исторические вехи |
| e |
Сведения, относящиеся к заглавию |
[история физкультурно-спортивного общества "Динамо"] |
| 300 |
Общие примечания |
__ |
| a |
Общие примечания |
12+ |
| 461 |
Уровень набора |
_0 |
| 1 |
|
2000 |
| a |
|
Основы безопасности жизнедеятельности |
| 463 |
Уровень физической единицы |
_0 |
| 1 |
|
2000 |
| a |
|
№ 4 |
| v |
|
С. 60-61 |
| 1 |
|
2101 |
| d |
|
2023 |
| 1 |
|
001RU/CBS_UL/BASE/1df17451c8da4dca9e93801947b6248e |
| 606 |
Тематические рубрики |
0_ |
| a |
Основная рубрика |
"Динамо" спортивное общество |
| 610 |
Ключевые слова |
0_ |
| a |
Ключевые слова |
Динамо (спортивные общества) |
| 610 |
Ключевые слова |
0_ |
| a |
Ключевые слова |
спортивные общества |
| 610 |
Ключевые слова |
0_ |
| a |
Ключевые слова |
спортсмены |
| 610 |
Ключевые слова |
0_ |
| a |
Ключевые слова |
история спортивных обществ |
| 686 |
Индексы других классификаций |
__ |
| a |
Классификационный индекс |
75.4(2) |
| 801 |
Источник записи |
_0 |
| a |
Страна |
RU |
| b |
Организация |
МБУК ЦБС г. Ульяновска |
| c |
Дата составления |
20230515 |
| g |
Правила каталогизации |
RCR |
| 801 |
Источник записи |
_1 |
| a |
Страна |
RU |
| b |
Организация |
МБУК ЦБС г. Ульяновска |
| c |
Дата составления |
20230515 |
| g |
Правила каталогизации |
RCR |
| 901 |
Тип документа |
__ |
| t |
Тип документа |
b |
| w |
Контрольный № источника |
RU/CBS_UL/BASE/1df17451c8da4dca9e93801947b6248e |